বাবুরনামা / (Record no. 40436)
[ view plain ]
| 000 -LEADER | |
|---|---|
| fixed length control field | 01585nam a2200265 a 4500 |
| 001 - CONTROL NUMBER | |
| control field | 40436 |
| 003 - CONTROL NUMBER IDENTIFIER | |
| rucl marc code | BD-RjUL |
| 005 - DATE AND TIME OF LATEST TRANSACTION | |
| control field | 20211209053218.0 |
| 008 - FIXED-LENGTH DATA ELEMENTS--GENERAL INFORMATION | |
| fixed length control field | 160502s1983 bg ||||| |||| 00| 0 ben d |
| 020 ## - INTERNATIONAL STANDARD BOOK NUMBER | |
| Terms of availability | :Tk. 50.00 (V-2) |
| 035 ## - SYSTEM CONTROL NUMBER | |
| System control number | (BD-RjUL) 40551 |
| 040 ## - CATALOGING SOURCE | |
| Original cataloging agency | BD-RjUL |
| Language of cataloging | ben |
| Transcribing agency | BD-RjUL |
| 041 ## - LANGUAGE CODE | |
| Language code of text/sound track or separate title | ben |
| 082 ## - DEWEY DECIMAL CLASSIFICATION NUMBER | |
| Edition number | 23 |
| Classification number | 954.0252 |
| Author mark and year | BAB 1983 |
| 100 ## - MAIN ENTRY--PERSONAL NAME | |
| Personal name | বাবুর, শাহান শাহ-ই-হিন্দুস্তান জহীর-উদদীন মুহম্মদ |
| 9 (RLIN) | 124564 |
| 245 10 - TITLE STATEMENT | |
| Title | বাবুরনামা / |
| Statement of responsibility, etc. | শাহান শাহ-ই-হিন্দুস্তান জহীর-উদদীন মুহম্মদ বাবুর ; ইংরেজি অনুবাদক: জন লেডেন ও উইলিয়াম এরসকিন, বাংলা অনুবাদক: প্রিন্সিপ্যাল ইবরাহীম খাঁ |
| 260 ## - PUBLICATION, DISTRIBUTION, ETC. (IMPRINT) | |
| Place of publication, distribution, etc. | ঢাকা : |
| Name of publisher, distributor, etc. | বাংলা একাডেমী, |
| Date of publication, distribution, etc. | ১৯৮৩ |
| 300 ## - PHYSICAL DESCRIPTION | |
| Pagination | ৩৪৬ পৃ. ; |
| Size | ২১ সেমি. |
| 650 ## - SUBJECT ADDED ENTRY--TOPICAL TERM | |
| Topical term or geographic name as entry element | বাবর |
| General subdivision | হিন্দুস্থান সম্রাট |
| Geographic subdivision | ১৪৮৩-১৫৩০ |
| 9 (RLIN) | 124559 |
| Topical term or geographic name as entry element | Babur |
| General subdivision | Emperor of Hindustan |
| Chronological subdivision | 1483-1530 |
| 9 (RLIN) | 124560 |
| 700 ## - ADDED ENTRY--PERSONAL NAME | |
| Personal name | লেডেন, জন, ইংরেজি অনুবাদক |
| Personal name | এরসকিন, উইলিয়াম, ইংরেজি অনুবাদক |
| Personal name | খাঁ, প্রিন্সিপ্যাল ইবরাহীম, বাংলা অনুবাদক |
| 942 ## - ADDED ENTRY ELEMENTS (KOHA) | |
| Source of classification or shelving scheme | Dewey Decimal Classification |
| Koha item type | Books |
| Lost status | Source of classification or shelving scheme | Damaged status | Not for loan | Collection code | Permanent Location | Current Location | Shelving location | Date acquired | Source of acquisition | Cost, normal purchase price | Total Checkouts | Total Renewals | Full call number | Date last seen | Date checked out | Copy number | Koha item type |
|---|---|---|---|---|---|---|---|---|---|---|---|---|---|---|---|---|---|
| Dewey Decimal Classification | Non-fiction | Central Library, University of Rajshahi | Central Library, University of Rajshahi | 01/01/1985 | Bangla Academy , Dhaka | 50.00 | 7 | 1 | B 954.0252 BAB V-2 1983 | 11/12/2024 | 27/11/2024 | C-2 | Books |